00450nam a22001577a 450000500170000001000150001702000260003203500130005803700130007108200080008410000120009224500750010426000350017927000580021430000200027220130924105846.0 aENG-108085 c695.00a9789381945599 aEN-91618 bDBAD/PUB a881 aAnamika aTranslating racial memory :cby Anamikaba 'Kantha-Summit' chit-chat / aDelhibYash Publicationsc2013 a1/10753, Subhash Park, Naveen ShahdarabDelhie110032 a221p.c22cm(Hb)